| 000 | 01102nam a2200241Ia 4500 | ||
|---|---|---|---|
| 999 |
_c38087 _d38087 |
||
| 001 | 4074 | ||
| 003 | GE_BSU | ||
| 005 | 20191002112400.0 | ||
| 008 | 181216s1980||||ge |||||||||||||| ||geo|| | ||
| 040 | _cGE_BSU | ||
| 041 | _ageo | ||
| 080 | _a1(479.22)+821.353.1.09 ნ–99 | ||
| 100 |
_aნუცუბიძე, შალვა _93684 |
||
| 245 |
_aშრომები : _bტ. 7. რუსთაველის შემოქმედება / _cსარედ. კოლ.: ალექსანდრე ბარამიძე და სხვ. |
||
| 264 |
_aთბილისი : _bმეცნიერება, _c1980. |
||
| 300 |
_a580 გვ. ; _b22 სმ. |
||
| 501 | _a პირთა საძიებელი: გვ.574-578. | ||
| 653 | _aშრომები | ||
| 653 | _aრუსთაველის შემოქმედება | ||
| 653 | _a რუსთაველი, შოთა და მისი "ვეფხისტყაოსანი" | ||
| 700 |
_aბარამიძე, ალ. _eრედაქტორი _94433 |
||
| 942 |
_cBK _2udc |
||